Introduction to Business Systems and Environment

Na minha lista:
Detalhes bibliográficos
Autor principal: Farmer, Richard N.
Formato: Livro
Idioma:inglês
Publicado em: New York Random House 1972
Edição:1. ed.
Assuntos:
Tags: Adicionar Tag
Sem tags, seja o primeiro a adicionar uma tag!

MARC

LEADER 00000nam a2200000 4500
001 c002036
005 20221220103234.0
020 |a 0-394-31375-5 
041 0 |a eng 
044 |a US 
245 1 0 |a Introduction to Business  |b Systems and Environment  |c Richard N. Farmer 
250 |a 1. ed. 
264 1 |a New York  |b Random House  |c 1972 
300 |a 428 s. 
610 2 0 |a podnik 
610 2 0 |a systém 
610 2 0 |a firmy 
610 2 0 |a riadenie vnútropodnikové 
610 2 0 |a manažment 
610 2 0 |a organizácia podniku 
610 2 0 |a kontrola podniková 
610 2 0 |a podnikanie 
610 2 0 |a marketing 
610 2 0 |a plánovanie podnikové 
100 1 |a Farmer, Richard N.